000 00611nam a2200205Ia 4500
003 OSt
005 20230427101132.0
008 210423s2011 xx 000 0 und d
020 _a9788130918723
040 _cAL
041 _aeng
082 _a820.9 BLOM
_223
100 _aBLOOM (Harold),Ed.
_993712
245 _aModern critical interpretations William Shakespeare''s as you like it.
260 _aNew Delhi
_bViva Books Pvt Ltd
_c2011
300 _avii,237
_bPB
365 _b195
_cINR
906 _acritical ; interpretations ; it. ; like ; Modern ; Shakespeare''s ; William ; you
942 _2ddc
_cBK
999 _c161749
_d161749